A túlfogyasztás felmérése a magyarországi fiatalok körében

Bibliographic Details
Main Author: Havriló Eszter
Other Authors: Biró Dr. Lóránt
Soós Dr. Gabriella
Format: Students’ Scientific Association paper
Kulcsszavak:fenntartható fogyasztás
management
marketing
sustainable development
túlfogyasztás
Online Access:http://dolgozattar.uni-bge.hu/60483

MARC

LEADER 00000nta a2200000 i 4500
001 dolg60483
005 20260416073758.0
008 260416suuuu hu o 000 hun d
040 |a BGE Dolgozattár Repozitórium  |b hun 
041 |a hu 
100 1 |a Havriló Eszter 
245 1 2 |a A túlfogyasztás felmérése a magyarországi fiatalok körében  |c Havriló Eszter  |h [elektronikus dokumentum] 
516 |a Students_Scientific_Association_paper 
520 3 |a Számomra fontos téma a környezettudatos szemlélet, az ökológiai terhek csökkentése és a fogyasztói tudatosság kérdése. Ezért mindenképpen olyan témával szerettem volna foglalkozni, melyet társadalmi szinten is hasznosnak találok. Dolgozatomban a Magyarországon élő Z generációs fiatalok attitűdjét a túlfogyasztáshoz mértem fel, élelmiszeripari fókusszal. A szakirodalom feldolgozása során megvizsgáltam a túlfogyasztás és fogyasztói társadalom definícióit, valamint az egyéni fogyasztást befolyásoló tényezőket. Ezt követően az élelmiszerpazarlást és ahhoz kapcsolódó mutatókat, statisztikákat elemeztem. Ezután a vélt és valós fogyasztói tudatosságra tértem ki, mely dolgozatom és kutatásom során kulcsfontosságúnak bizonyult. Egy kérdőíves kutatást hajtottam végre Z generációs fiatalok körében, mely során a válaszadóknak fogyasztási szokásaikról, hazai termékek beszerzéséről és környezettudatossági értékrendjükről kellett kérdéseket megválaszolni. Ezen kérdőíves kutatás alapján megállapítottam, hogy a magyar vásárlók árérzékenyek, emiatt kis arányban vásárolnak termelői termékeket, azonban promóciók hatására sok felesleges terméket megvesznek. Ennek kapcsán egy egyhetes kísérletet is végeztem 10 résztvevővel, mely kísérlet során a résztvevőknek fel kellett jegyezni élelmiszerhulladékukat, valamint ennek mennyiségét előre meg kellett becsülniük. Az eredmények kiértékelése során megállapítottam, hogy a résztvevők túlnyomó része alul becsülte élelmiszerpazarlását, a valós tudatosságuk jóval elmaradt a vélttől. Így a megvásárolt árucikkek egy része és ezáltal a fogyasztók pénze is a szemétbe kerül. Összességében a túlfogyasztás megoldására javaslatként a lokális beszerzést, mint a kosárközösségek használatát javasoltam. Amennyiben túlfogyasztás nélkül, elegendő mennyiségű élelmiszert vásárolnak a fogyasztók, helyi termelők termékeit is meg tudják fizetni, melyeket jobban megbecsülnek: így fejlődik a helyi gazdaság, javul az emberek egészsége és nő a vásárlóerő a környezetszennyezés csökkentése mellett. 
695 |a fenntartható fogyasztás 
695 |a management 
695 |a marketing 
695 |a sustainable development 
695 |a túlfogyasztás 
700 1 |a Biró Dr. Lóránt  |e ths 
700 1 |a Soós Dr. Gabriella  |e ths 
856 4 0 |u http://dolgozattar.uni-bge.hu/60483/1/Havril%C3%B3_Eszter_TDK_2025.pdf  |z Dokumentum-elérés 
856 4 0 |u http://dolgozattar.uni-bge.hu/60483/2/Havril%C3%B3_Eszter_TDK_Rez%C3%BCm%C3%A9.docx  |z Dokumentum-elérés 
856 4 0 |u http://dolgozattar.uni-bge.hu/60483/3/Havril%C3%B3_Eszter_TDK_Rez%C3%BCm%C3%A9.pdf  |z Dokumentum-elérés 
856 4 0 |u http://dolgozattar.uni-bge.hu/60483/4/08_BGE%20TDK_Szerz%C5%91i%20hozz%C3%A1j%C3%A1rul%C3%A1s%20nyilatkozat_Havril%C3%B3_Eszter.pdf  |z Dokumentum-elérés 
856 4 0 |u http://dolgozattar.uni-bge.hu/60483/5/Havril%C3%B3_Eszter_TDK.pdf  |z Dokumentum-elérés 
856 4 0 |u http://dolgozattar.uni-bge.hu/60483/6/Havril%C3%B3_Eszter_M%C3%9CKK_OT.pdf  |z Dokumentum-elérés